000 00337nam a2200145Ia 4500
100 _aBose/R.K/ Joshi/M.C
942 _cBK
654 _aMathematical Physics
245 _aMethods of Mathematical Physics
260 _bTata Mc Graw hill
_aDelhi
_c1984
082 _a530.15
_bBOS/JOS
300 _a290
546 _aENGLISH
999 _c21913
_d21913